00380 a2200109 45001000023000002450050000232600097000733000014001705000048001846500021002329990017002531 aEverett, Daniel L.00aWhy there are no cliticsbcDaniel L. Everett a[Arlingtron]:bSummer Institute of Linguistics and University of Texas at Arlington,cc1996. axii, 188p aPublications in Linguistics Publication 123 4aGRAMMARxCLITICS c63938d63912